Sports Quiz

Random Sports Quiz
Score 0/24 Timer 10:00
0 Plays Today
Club % Correct
Maidenhead United
100%
Aldershot Town
90%
Barnet
90%
Ebbsfleet United
90%
Harrogate Town
90%
Dover Athletic
90%
Chorley
90%
Chesterfield
90%
Barrow
90%
Notts County
90%
Stockport County
90%
Torquay United
90%
Club % Correct
Yeovil Town
90%
Eastleigh
80%
Halifax Town
80%
AFC Fylde
80%
Boreham Wood
80%
Sutton United
80%
Wrexham
80%
Hartlepool United
70%
Bromley
70%
Solihull Moors
70%
Dagenham & Redbridge
60%
Woking
60%
Remove Ads.
Support Sporcle.
Get the best of Sporcle when you Go Orange. This ad-free experience offers more features, more stats, and more fun while also helping to support Sporcle. Thank you for becoming a member.

You're not logged in!

Compare scores with friends on all Sporcle quizzes.
OR
Log In

Sporcle TV

Today on Sporcle TV


Watch our educational content, quiz creation guides, and fun videos on Sporcle TV.

Show Comments

Extras

Created May 18, 2020ReportNominate
Tags:2019, club, League, League Clubs, national

Top Quizzes Today


Score Distribution

Paid Content

Your Account Isn't Verified!

In order to create a playlist on Sporcle, you need to verify the email address you used during registration. Go to your Sporcle Settings to finish the process.

Report this User

Report this user for behavior that violates our Community Guidelines.

Details: